000 01697cam a2200301 4500
001 ##L133697
002 ##9943
008 060602n2006 000 0 eng u
020 _a072820486X
035 _a(Sirsi) u133697
041 0 _aeng
050 0 4 _a690.8 $2 18
100 1 _aMarshall, Duncan
245 0 4 _aThe construction of houses
_h[electronic resource]
250 _a4th ed.
260 _aLondon
_bEG Books
_c2006
300 _aeBook
505 0 _aIntroduction -- Foundations -- External loadbearing walls -- Ground floors -- Upper floors -- Roof structure -- Roof coverings -- Flat roofs -- Plastering -- Partitions -- External rendering -- Timber-framed housing -- Non-traditional housing -- Windows/doors/stairs -- Thermal insulation -- Cold water supply -- Hot water supply -- Space heating -- Drainage -- Electrical installations.
520 _aThis eBook provides a comprehensive introduction to the principles and practice of modern construction and services with most chapters containing in addition information on earlier construction techniques to reflect the age profile of the UK housing stock. This fourth revised edition has an additional chapter on concrete housing, a wealth of new illustrations and photos including an eight page colour section showing a series of photographs of a modern housing development.
520 _aSupersedes the third edition (ISBN 0728203332).
590 _aIKA180706
650 2 4 _aEBOOK
651 4 _aUnited Kingdom
_y
690 _aBUILT ENVIRONMENT-CONSTRUCTION DESIGN
700 1 _aWorthing, Derek
856 4 8 _uhttps://www.vlebooks.com/
_zView on VLEbooks. Logins for members only from [email protected]
942 _n0
999 _c105453
_d105453